[Event "Wroclaw Anderssen Memorial"]
[Site "Wroclaw"]
[Date "2020.08.09"]
[Round "2"]
[White "Barski, Radoslaw"]
[Black "Dytman, Radoslaw"]
[Result "1-0"]
[WhiteElo "2444"]
[BlackElo "1919"]
[PlyCount "115"]
[EventDate "2020.08.09"]
[EventType "swiss"]
[EventRounds "11"]
[EventCountry "POL"]
[SourceTitle "CBM 197 Extra"]
[Source "ChessBase"]
[SourceDate "2020.09.30"]
[SourceVersion "1"]
[SourceVersionDate "2020.09.30"]
[SourceQuality "1"]

1. e4 d5 2. exd5 Nf6 3. d4 Bg4 4. Nf3 Qxd5 5. Be2 Nc6 6. 0-0 0-0-0 7. Be3 e6 8. h3 Bxf3 9. Bxf3 Qd7 10. c3 e5 11. Qb3 exd4 12. cxd4 Qe6 13. Qxe6+ fxe6 14. Bxc6 bxc6 15. Rc1 Kb7 16. Nd2 Nd5 17. Nb3 Kb6 18. Rc2 Rd6 19. a3 a5 20. Rac1 g6 21. Bd2 Bg7 22. Nxa5 Bxd4 23. Nc4+ Kb7 24. Nxd6+ cxd6 25. Rxc6 Rf8 26. Be1 Bc5 27. R6xc5 dxc5 28. Rxc5 Nf4 29. Rc2 Rd8 30. Kh2 Rd1 31. Bc3 Nd5 32. Re2 Nxc3 33. bxc3 Rd6 34. Kg3 Kb6 35. Kf4 Kb5 36. Ke5 Rc6 37. Re3 Kc4 38. Kf6 Ra6 39. Rxe6 Rxa3 40. Re3 Ra2 41. Rf3 Ra7 42. Kg5 Rd7 43. Kh6 Re7 44. g4 Rd7 45. h4 Re7 46. h5 gxh5 47. Kxh5 Re6 48. g5 Re7 49. Kh6 Rd7 50. Re3 Rf7 51. f3 Rd7 52. f4 Rf7 53. Rf3 Kd5 54. f5 Ke4 55. Rf1 Rxf5 56. Rxf5 Kxf5 57. c4 Ke5 58. Kxh7 1-0

[Event "Wroclaw Anderssen Memorial"]
[Site "Wroclaw"]
[Date "2020.08.09"]
[Round "4"]
[White "Krzywda, Andrzej"]
[Black "Dytman, Radoslaw"]
[Result "1-0"]
[WhiteElo "2156"]
[BlackElo "1919"]
[PlyCount "92"]
[EventDate "2020.08.09"]
[EventType "swiss"]
[EventRounds "11"]
[EventCountry "POL"]
[SourceTitle "CBM 197 Extra"]
[Source "ChessBase"]
[SourceDate "2020.09.30"]
[SourceVersion "1"]
[SourceVersionDate "2020.09.30"]
[SourceQuality "1"]

1. d4 d6 2. c4 e5 3. dxe5 dxe5 4. Qxd8+ Kxd8 5. Nf3 f6 6. Nc3 Be6 7. e3 c6 8. Rg1 Nd7 9. g4 Bb4 10. Bd2 Ne7 11. Rc1 Kc7 12. g5 f5 13. a3 Bd6 14. b4 Ng6 15. h4 a5 16. h5 axb4 17. axb4 Ngf8 18. c5 Be7 19. Be2 Bf7 20. Nh4 g6 21. Bd1 e4 22. f4 exf3 23. Nxf3 gxh5 24. Bc2 Bg6 25. Ne2 Ra3 26. Ned4 f4 27. exf4 Bxc2 28. Rxc2 Ng6 29. f5 Ra1+ 30. Rc1 Rxc1+ 31. Bxc1 Ngf8 32. Bf4+ Kc8 33. Ke2 Nb8 34. Ra1 Na6 35. Be5 Rg8 36. f6 Bd8 37. f7 Rg6 38. Bd6 Rxd6 39. cxd6 Kd7 40. b5 cxb5 41. Nxb5 Ke6 42. Rc1 Kxf7 43. Rc8 Bb6 44. Ne5+ Ke6 45. Rxf8 Kxe5 46. d7 Kd5 1-0

[Event "Wroclaw op"]
[Site "Wroclaw"]
[Date "2019.08.06"]
[Round "2"]
[White "Smal, Tobiasz"]
[Black "Dytman, Radoslaw"]
[Result "0-1"]
[WhiteElo "2027"]
[BlackElo "1707"]
[PlyCount "64"]
[EventDate "2019.08.05"]
[EventType "swiss"]
[EventRounds "9"]
[EventCountry "POL"]
[SourceTitle "CBM 191 Extra"]
[Source "ChessBase"]
[SourceDate "2019.09.30"]
[SourceVersion "1"]
[SourceVersionDate "2019.09.30"]
[SourceQuality "1"]

1. c4 d6 2. Nc3 e5 3. g3 g6 4. Bg2 Bg7 5. e3 f5 6. d4 e4 7. Nge2 Be6 8. 0-0 Nf6 9. b3 0-0 10. d5 Bf7 11. Bb2 Nbd7 12. Nd4 Qe7 13. Nce2 Nh5 14. b4 Ne5 15. Qb3 c6 16. Rfd1 Nd3 17. dxc6 b5 18. Nc1 Bxc4 19. Qa3 Nxb2 20. Qxb2 g5 21. Bf1 Qf7 22. Bxc4 bxc4 23. Nce2 f4 24. exf4 gxf4 25. g4 f3 26. Nc3 Qg6 27. Kh1 Nf4 28. Qd2 Be5 29. Rg1 Nh3 30. Nd5 Qf7 31. Nf5 Kh8 32. Qh6 Nxf2# 0-1

[Event "Pardubice Czech op-J 30th"]
[Site "Pardubice"]
[Date "2019.07.13"]
[Round "2"]
[White "Skliarov, Viktor"]
[Black "Dytman, Radoslaw"]
[Result "1-0"]
[WhiteElo "2360"]
[BlackElo "1745"]
[PlyCount "71"]
[EventDate "2019.07.12"]
[EventType "swiss"]
[EventRounds "7"]
[EventCountry "CZE"]
[SourceTitle "CBM 192 Extra"]
[Source "Chessbase"]
[SourceDate "2019.11.06"]
[SourceVersion "1"]
[SourceVersionDate "2019.11.06"]
[SourceQuality "1"]

1. e4 d5 2. exd5 Nf6 3. Bb5+ Bd7 4. Bc4 Bg4 5. f3 Bc8 6. Nc3 Nbd7 7. d4 Nb6 8. Bb3 Nbxd5 9. Nge2 g6 10. Ne4 Bg7 11. c4 Nb6 12. Nxf6+ exf6 13. 0-0 c6 14. Bf4 0-0 15. Qd2 Re8 16. a4 g5 17. Bg3 f5 18. a5 Nd7 19. Rad1 f4 20. Bf2 Nf6 21. d5 cxd5 22. cxd5 Bf5 23. Nd4 Bg6 24. Nb5 g4 25. d6 gxf3 26. gxf3 Nh5 27. Nc7 Qg5+ 28. Kh1 Nf6 29. Bc2 Qh5 30. Bd4 Bxc2 31. Qxc2 Nd7 32. Rg1 Qxf3+ 33. Qg2 Qxg2+ 34. Rxg2 f6 35. Nxe8 Rxe8 36. Rdg1 1-0

[Event "POL-ch blitz"]
[Site "Szczawno Zdroj"]
[Date "2018.12.16"]
[Round "4"]
[White "Dytman, Radoslaw"]
[Black "Brodowski, Piotr"]
[Result "0-1"]
[WhiteElo "1688"]
[BlackElo "2439"]
[PlyCount "84"]
[EventDate "2018.12.16"]
[EventType "swiss (blitz)"]
[EventRounds "15"]
[EventCountry "POL"]
[SourceTitle "CBM 187 Extra"]
[Source "ChessBase"]
[SourceDate "2018.11.04"]
[SourceVersion "1"]
[SourceVersionDate "2018.11.04"]
[SourceQuality "1"]

1. e4 g6 2. d4 Bg7 3. Nf3 d6 4. Bd3 a6 5. a4 c5 6. c3 cxd4 7. cxd4 Nc6 8. Be3 Bg4 9. Nc3 Bxf3 10. gxf3 Nxd4 11. Bxd4 Bxd4 12. Bb5+ axb5 13. Qxd4 Nf6 14. Nxb5 Qa5+ 15. b4 Qd8 16. 0-0 0-0 17. Rfc1 Rc8 18. Rc4 Qd7 19. Rac1 Rxc4 20. Qxc4 Qh3 21. Rc3 Nh5 22. Qf1 Qh4 23. Qg2 Nf4 24. Qg4 Qxg4+ 25. fxg4 Ne2+ 26. Kf1 Nxc3 27. Nxc3 Rc8 28. Nd5 Kf8 29. Ke2 Rc2+ 30. Ke3 e6 31. Nb6 Ke7 32. b5 Rb2 33. Nc8+ Kd7 34. Nb6+ Kc7 35. Nc4 Rb4 36. Kd3 Rxa4 37. f4 Rb4 38. b6+ Rxb6 39. Nxb6 Kxb6 40. f5 exf5 41. gxf5 gxf5 42. exf5 Kc5 0-1

[Event "POL-ch blitz"]
[Site "Szczawno Zdroj"]
[Date "2018.12.16"]
[Round "5"]
[White "Kowalski, Igor"]
[Black "Dytman, Radoslaw"]
[Result "1-0"]
[WhiteElo "2312"]
[BlackElo "1688"]
[PlyCount "67"]
[EventDate "2018.12.16"]
[EventType "swiss (blitz)"]
[EventRounds "15"]
[EventCountry "POL"]
[SourceTitle "CBM 187 Extra"]
[Source "ChessBase"]
[SourceDate "2018.11.04"]
[SourceVersion "1"]
[SourceVersionDate "2018.11.04"]
[SourceQuality "1"]

1. d4 d6 2. Nf3 Nf6 3. c4 g6 4. Nc3 Bg7 5. e4 0-0 6. Be2 Nbd7 7. 0-0 c6 8. Re1 Qc7 9. b3 e5 10. Bb2 exd4 11. Nxd4 Re8 12. Bf3 a5 13. Qc2 Nc5 14. Rad1 Ne6 15. Nxe6 Bxe6 16. Ba3 Rad8 17. Qd2 Ng4 18. h3 Ne5 19. Be2 Bf8 20. Kh1 f5 21. Qf4 Bg7 22. exf5 Bxf5 23. Ne4 Bxe4 24. Qxe4 Nf7 25. Qh4 Re6 26. Bg4 Rxe1+ 27. Rxe1 Ne5 28. Bd1 Rf8 29. f3 Bf6 30. Qg3 Qe7 31. Re4 Qe6 32. f4 Qf5 33. Bc2 d5 34. Re2 1-0

[Event "POL-ch blitz"]
[Site "Szczawno Zdroj"]
[Date "2018.12.16"]
[Round "3"]
[White "Walach, Marcin"]
[Black "Dytman, Radoslaw"]
[Result "1/2-1/2"]
[WhiteElo "2305"]
[BlackElo "1688"]
[PlyCount "63"]
[EventDate "2018.12.16"]
[EventType "swiss (blitz)"]
[EventRounds "15"]
[EventCountry "POL"]
[SourceTitle "CBM 187 Extra"]
[Source "ChessBase"]
[SourceDate "2018.11.04"]
[SourceVersion "1"]
[SourceVersionDate "2018.11.04"]
[SourceQuality "1"]

1. e4 e5 2. Nf3 Nc6 3. Bc4 Bc5 4. 0-0 d6 5. c3 Nf6 6. d4 Bb6 7. Re1 0-0 8. h3 h6 9. Na3 exd4 10. Nxd4 Re8 11. Nxc6 bxc6 12. Bd3 Be6 13. Nc4 d5 14. exd5 cxd5 15. Ne5 Nd7 16. Nxd7 Qxd7 17. Be3 Re7 18. Bxb6 axb6 19. Qf3 Rae8 20. Re3 d4 21. cxd4 Qxd4 22. Qe2 c5 23. Rd1 Qf6 24. Re1 Rd8 25. b3 Red7 26. Bc4 Rd2 27. Qf3 Qxf3 28. Rxf3 Bxc4 29. bxc4 Rd1 30. Rxd1 Rxd1+ 31. Kh2 Rc1 32. Rb3 1/2-1/2

[Event "Wroclaw Anderssen Memorial op"]
[Site "Wroclaw"]
[Date "2018.08.05"]
[Round "8"]
[White "Dytman, Radoslaw"]
[Black "Tworzydlo, Piotr"]
[Result "0-1"]
[WhiteElo "1802"]
[BlackElo "2165"]
[PlyCount "82"]
[EventDate "2018.08.04"]
[EventType "swiss (rapid)"]
[EventRounds "13"]
[EventCountry "POL"]
[SourceTitle "CBM 185 Extra"]
[Source "ChessBase"]
[SourceDate "2018.07.29"]
[SourceVersion "1"]
[SourceVersionDate "2018.07.29"]
[SourceQuality "1"]

1. e4 d6 2. d4 Nf6 3. Nc3 g6 4. f3 c6 5. Be3 b5 6. a3 Nbd7 7. Qd2 Rb8 8. d5 cxd5 9. Nxd5 a6 10. Ne2 Bg7 11. Bh6 Bxh6 12. Qxh6 Nxd5 13. Qg7 Rf8 14. exd5 Nf6 15. Nf4 Qb6 16. Rd1 Qe3+ 17. Ne2 Rg8 18. Rd3 Qxe2+ 19. Bxe2 Rxg7 20. Kf2 Bb7 21. Rhd1 Rc8 22. Rc1 Bxd5 23. b3 Be6 24. Rd4 Rg8 25. a4 Bd7 26. axb5 axb5 27. c4 Kf8 28. g4 bxc4 29. g5 Nh5 30. bxc4 Kg7 31. Bd3 Be6 32. Be4 Rc5 33. Bd5 Rgc8 34. Bxe6 fxe6 35. h4 e5 36. Re4 Nf4 37. Rc3 Kf7 38. Kg3 Ke6 39. Kg4 Rb8 40. Rce3 Kf7 41. Rc3 Rb2 0-1

[Event "Wroclaw Anderssen Memorial op"]
[Site "Wroclaw"]
[Date "2018.08.04"]
[Round "6"]
[White "Dytman, Radoslaw"]
[Black "Scibior, Adam"]
[Result "1-0"]
[WhiteElo "1802"]
[BlackElo "2229"]
[PlyCount "53"]
[EventDate "2018.08.04"]
[EventType "swiss (rapid)"]
[EventRounds "13"]
[EventCountry "POL"]
[SourceTitle "CBM 185 Extra"]
[Source "ChessBase"]
[SourceDate "2018.07.29"]
[SourceVersion "1"]
[SourceVersionDate "2018.07.29"]
[SourceQuality "1"]

1. e4 e6 2. d4 d5 3. exd5 exd5 4. Nf3 Nf6 5. c4 Be7 6. Nc3 0-0 7. Bd3 dxc4 8. Bxc4 c6 9. h3 Nbd7 10. 0-0 Nb6 11. Bb3 Bf5 12. Be3 h6 13. Ne5 Nfd5 14. Qf3 Be6 15. Rad1 Bf6 16. Ne4 Nxe3 17. fxe3 Bxb3 18. axb3 Nd5 19. Ng4 Bh4 20. Ng3 Bxg3 21. Qxg3 Kh7 22. Ne5 Qe7 23. Rf3 Nf6 24. Qh4 Rad8 25. Rdf1 Qe6 26. Rxf6 gxf6 27. Rxf6 1-0

[Event "Wroclaw Anderssen Memorial op"]
[Site "Wroclaw"]
[Date "2018.08.04"]
[Round "7"]
[White "Strasil, Pavel"]
[Black "Dytman, Radoslaw"]
[Result "0-1"]
[WhiteElo "2031"]
[BlackElo "1802"]
[PlyCount "138"]
[EventDate "2018.08.04"]
[EventType "swiss (rapid)"]
[EventRounds "13"]
[EventCountry "POL"]
[SourceTitle "CBM 185 Extra"]
[Source "ChessBase"]
[SourceDate "2018.07.29"]
[SourceVersion "1"]
[SourceVersionDate "2018.07.29"]
[SourceQuality "1"]

1. d4 d6 2. c4 e5 3. Nf3 e4 4. Nfd2 f5 5. e3 Nf6 6. Be2 g6 7. Nc3 Bg7 8. b4 Be6 9. Bb2 0-0 10. h3 c6 11. f3 Nh5 12. 0-0 Ng3 13. Rf2 d5 14. f4 Nd7 15. Nf1 Qh4 16. cxd5 Nxe2+ 17. Qxe2 Bxd5 18. Na4 h6 19. Nc5 Nxc5 20. dxc5 Rad8 21. Bxg7 Kxg7 22. Qb2+ Qf6 23. Qxf6+ Kxf6 24. Rd2 Bc4 25. Rad1 Rd3 26. Rxd3 Bxd3 27. Nd2 Ke6 28. Kf2 Rd8 29. Nc4 Rd5 30. Ne5 g5 31. g3 Rd8 32. h4 g4 33. Ke1 Rd5 34. a3 a5 35. Rc1 a4 36. Rd1 h5 37. Nxd3 exd3 38. Kd2 Rd7 39. Kc3 Kf6 40. Rxd3 Re7 41. Kd2 Ke6 42. Rd6+ Kf7 43. Kd3 Kg7 44. Rd4 Kf6 45. e4 fxe4+ 46. Rxe4 Rd7+ 47. Rd4 Re7 48. Rd6+ Kg7 49. f5 Re1 50. Rd7+ Kf6 51. Rxb7 Ra1 52. Rb6 Rxa3+ 53. Ke4 Rxg3 54. Rxc6+ Kf7 55. Ra6 a3 56. c6 Rc3 57. c7 Rxc7 58. Rxa3 Rc4+ 59. Ke5 Rxb4 60. Ra7+ Kf8 61. Rh7 g3 62. Rxh5 Rg4 63. Kf6 Kg8 64. Ke7 g2 65. f6 Re4+ 66. Kd6 g1Q 67. Rg5+ Qxg5 68. hxg5 Kf7 69. Kd5 Rg4 0-1

[Event "Lazy op 14th"]
[Site "Lazy"]
[Date "2018.06.27"]
[Round "4"]
[White "Dytman, Radoslaw"]
[Black "Niedbala, Bartlomiej"]
[Result "0-1"]
[WhiteElo "1722"]
[BlackElo "1977"]
[PlyCount "52"]
[EventDate "2018.06.24"]
[EventType "swiss"]
[EventRounds "9"]
[EventCountry "POL"]
[SourceTitle "CBM 185 Extra"]
[Source "ChessBase"]
[SourceDate "2018.07.29"]
[SourceVersion "1"]
[SourceVersionDate "2018.07.29"]
[SourceQuality "1"]

1. e4 c5 2. Nf3 d6 3. d4 cxd4 4. Nxd4 Nf6 5. Nc3 g6 6. f4 Nc6 7. Be2 Nxd4 8. Qxd4 Bg7 9. Be3 0-0 10. Qd3 Qa5 11. 0-0-0 Be6 12. Kb1 Rfc8 13. Bf3 Bc4 14. Qd2 Nxe4 15. Bxe4 Bxc3 16. Qxc3 Bxa2+ 17. Kc1 Rxc3 18. bxc3 Qxc3 19. Bd4 Qa3+ 20. Kd2 e5 21. Bc3 Rc8 22. Ba1 f5 23. Bf3 Qb4+ 24. Ke2 e4 25. c3 exf3+ 26. Kxf3 Qe4+ 0-1

[Event "Rubinstein Memorial-C 53rd"]
[Site "Polanica Zdroj"]
[Date "2017.08.21"]
[Round "2"]
[White "Szczesniak, Andrzej"]
[Black "Dytman, Radoslaw"]
[Result "1/2-1/2"]
[WhiteElo "1970"]
[BlackElo "1601"]
[PlyCount "91"]
[EventDate "2017.08.19"]
[EventType "swiss"]
[EventRounds "9"]
[EventCountry "POL"]
[SourceTitle "CBM 180 Extra"]
[Source "ChessBase"]
[SourceDate "2017.10.06"]
[SourceVersion "1"]
[SourceVersionDate "2017.10.06"]
[SourceQuality "1"]

1. d4 Nf6 2. c4 g6 3. Nc3 Bg7 4. e4 d6 5. Be2 0-0 6. Nf3 e5 7. Be3 Nc6 8. d5 Ne7 9. Nd2 Nd7 10. 0-0 f5 11. f3 f4 12. Bf2 g5 13. b4 Ng6 14. c5 Nf6 15. Nc4 Rf7 16. cxd6 cxd6 17. Nb5 Bf8 18. Bxa7 Rxa7 19. Nxa7 Bd7 20. a4 g4 21. Nb5 g3 22. Nbxd6 Bxd6 23. Nxd6 Qb6+ 24. Kh1 Qxd6 25. Bb5 gxh2 26. Bxd7 Rxd7 27. Qc2 Nh5 28. Kxh2 Rc7 29. Qd2 Ng3 30. Rfc1 Rxc1 31. Qxc1 Qd8 32. Qb2 Qd6 33. Rc1 Nh4 34. Qc3 Ng6 35. Qc8+ Nf8 36. Qg4+ Kh8 37. Qg5 h6 38. Qg4 Qxb4 39. Rc8 Qe7 40. Kh3 Kh7 41. Qh4 Qd7+ 42. Qg4 Qe7 43. Qh4 Qd7+ 44. Qg4 Qe7 45. Rc7 Kh8 46. Kh2 1/2-1/2

[Event "Wroclaw op"]
[Site "Wroclaw"]
[Date "2017.08.14"]
[Round "7"]
[White "De Jong, Wietse"]
[Black "Dytman, Radoslaw"]
[Result "0-1"]
[WhiteElo "1956"]
[BlackElo "1601"]
[PlyCount "48"]
[EventDate "2017.08.10"]
[EventType "swiss"]
[EventRounds "9"]
[EventCountry "POL"]
[SourceTitle "CBM 180 Extra"]
[Source "ChessBase"]
[SourceDate "2017.10.06"]
[SourceVersion "1"]
[SourceVersionDate "2017.10.06"]
[SourceQuality "1"]

1. e4 e5 2. Nf3 Nc6 3. Bc4 Bc5 4. b4 Bxb4 5. c3 Ba5 6. d4 d6 7. Qb3 Qd7 8. 0-0 Bb6 9. dxe5 Na5 10. e6 fxe6 11. Qb4 Nxc4 12. Qxc4 e5 13. Na3 Nf6 14. Bb2 Qc6 15. Qxc6+ bxc6 16. Rfe1 Ba6 17. Rad1 0-0 18. Nc2 Rab8 19. Nb4 Bb5 20. Bc1 c5 21. Nc2 Ba4 22. Rd2 Ba5 23. Re3 Rb1 24. Re1 Rb4 0-1

[Event "POL-ch U16 rapid"]
[Site "Wroclaw"]
[Date "2017.08.06"]
[Round "1"]
[White "Dytman, Radoslaw"]
[Black "Woloch, Oskar"]
[Result "1/2-1/2"]
[WhiteElo "1632"]
[BlackElo "2149"]
[PlyCount "104"]
[EventDate "2017.08.06"]
[EventType "swiss (rapid)"]
[EventRounds "11"]
[EventCountry "POL"]
[SourceTitle "CBM 180 Extra"]
[Source "ChessBase"]
[SourceDate "2017.10.06"]
[SourceVersion "1"]
[SourceVersionDate "2017.10.06"]
[SourceQuality "1"]

1. e4 e5 2. Nf3 Nc6 3. c3 d5 4. Bb5 Bg4 5. h3 Bxf3 6. Qxf3 d4 7. d3 Bc5 8. cxd4 Bxd4 9. Nc3 Nge7 10. Be3 0-0 11. 0-0 a6 12. Ba4 Qd6 13. Rfd1 Rad8 14. Rd2 b5 15. Bc2 Nb4 16. Bb1 c5 17. a3 Nbc6 18. Ba2 Qb8 19. Nd5 Nxd5 20. Bxd5 Rd6 21. Rc1 Rf6 22. Qh5 Ne7 23. Bg5 Nxd5 24. exd5 Rg6 25. Be7 Rc8 26. g4 Qb7 27. Qf5 h5 28. d6 hxg4 29. hxg4 Rh6 30. Qe4 Qd7 31. Qf5 Re6 32. Kg2 g6 33. Qg5 Qc6+ 34. f3 Rxd6 35. Bxd6 Qxd6 36. Rh1 Qf8 37. Kg3 Qg7 38. Rdh2 f6 39. Rh8+ Kf7 40. Rxc8 fxg5 41. Rc7+ Kf6 42. Rxg7 Kxg7 43. b3 a5 44. Rb1 Bc3 45. Rc1 Bd4 46. Rc2 Kf6 47. Ra2 Ke6 48. Kg2 Kd5 49. Rc2 Be3 50. Kf1 Kd4 51. Ke2 Bf4 52. a4 b4 1/2-1/2

[Event "Polanica Zdroj op-C 52nd"]
[Site "Polanica Zdroj"]
[Date "2016.08.28"]
[Round "7"]
[White "Dytman, Radoslaw"]
[Black "Musiolik, David"]
[Result "1/2-1/2"]
[WhiteElo "1517"]
[BlackElo "1780"]
[PlyCount "99"]
[EventDate "2016.08.20"]
[EventType "swiss"]
[EventRounds "9"]
[EventCountry "POL"]
[SourceTitle "CBM 174 Extra"]
[Source "ChessBase"]
[SourceDate "2016.10.10"]
[SourceVersion "1"]
[SourceVersionDate "2016.10.10"]
[SourceQuality "1"]

1. e4 e6 2. d4 d5 3. exd5 exd5 4. Bd3 Bd6 5. Nf3 Ne7 6. 0-0 0-0 7. Re1 Bf5 8. Bxf5 Nxf5 9. Qd3 Qd7 10. Ne5 Re8 11. g4 Bxe5 12. dxe5 Ne7 13. h3 Ng6 14. f4 f6 15. Nc3 d4 16. Qc4+ Kh8 17. e6 Qc6 18. Qxc6 bxc6 19. Na4 Na6 20. a3 c5 21. b3 Rad8 22. Nb2 f5 23. Kf2 Rd5 24. Bd2 Nf8 25. e7 Ng6 26. Re6 Rd6 27. Rae1 Nb8 28. gxf5 Rxe6 29. fxe6 Nxe7 30. Nd3 Na6 31. Kf3 g6 32. Re5 Nc6 33. Rd5 Rxe6 34. Nxc5 Nxc5 35. Rxc5 Kg7 36. b4 a6 37. a4 Kf6 38. b5 axb5 39. axb5 Na7 40. Rxc7 Nxb5 41. Rxh7 Rc6 42. Rb7 Rxc2 43. Rb6+ Kf7 44. Rxb5 Rxd2 45. Ke4 d3 46. Rb3 Kf6 47. Rxd3 Rxd3 48. Kxd3 Kf5 49. Ke3 g5 50. fxg5 1/2-1/2

[Event "Wroclaw-ch op-B"]
[Site "Wroclaw"]
[Date "2016.08.21"]
[Round "2.1"]
[White "Dytman, Radoslaw"]
[Black "Janiszewski, Maciej"]
[Result "0-1"]
[WhiteElo "1517"]
[BlackElo "2069"]
[PlyCount "112"]
[EventDate "2016.08.09"]
[EventType "swiss"]
[EventRounds "9"]
[EventCountry "POL"]
[SourceTitle "EXT 2023"]
[Source "ChessBase"]
[SourceDate "2022.10.05"]
[SourceVersion "1"]
[SourceVersionDate "2022.10.05"]
[SourceQuality "1"]

1. e4 d5 2. exd5 Nf6 3. d4 Bg4 4. Nf3 Qxd5 5. c4 Bxf3 6. Qxf3 Qxf3 7. gxf3 e6 8. Bd3 Nc6 9. d5 Nb4 10. Ke2 0-0-0 11. Rd1 Nxd3 12. Rxd3 exd5 13. cxd5 Nxd5 14. Be3 Bb4 15. a3 Ba5 16. b4 Bb6 17. Nc3 Nxc3+ 18. Rxc3 Bd4 19. Bxd4 Rxd4 20. Re3 Rhd8 21. Ra2 Kd7 22. Re4 Re8 23. Ke3 Rd6 24. Rc2 Ree6 25. Rc1 Rc6 26. Rd1+ Ke7 27. Rd3 g5 28. Kd2 f5 29. Red4 Rcd6 30. Rc4 Kd7 31. Rc5 Rf6 32. Kc2 Rxd3 33. Kxd3 Rd6+ 34. Ke3 f4+ 35. Ke4 h6 36. Rf5 Ra6 37. Rf7+ Kc6 38. Rh7 Rxa3 39. Rxh6+ Kb5 40. Rg6 Kxb4 41. Rxg5 c5 42. h4 Ra1 43. Kxf4 c4 44. h5 c3 45. Rg7 b5 46. h6 c2 47. Rc7 c1Q+ 48. Rxc1 Rxc1 49. Kf5 Rh1 50. Kg6 Kc4 51. f4 b4 52. f5 b3 53. f6 b2 54. f7 b1Q+ 55. Kg7 Rg1+ 56. Kf6 Rg6+ 0-1

[Event "Wroclaw-ch op-B"]
[Site "Wroclaw"]
[Date "2016.08.21"]
[Round "3.4"]
[White "Klonowski, Arkadiusz"]
[Black "Dytman, Radoslaw"]
[Result "0-1"]
[WhiteElo "1527"]
[BlackElo "1517"]
[PlyCount "100"]
[EventDate "2016.08.09"]
[EventType "swiss"]
[EventRounds "9"]
[EventCountry "POL"]
[SourceTitle "EXT 2023"]
[Source "ChessBase"]
[SourceDate "2022.10.05"]
[SourceVersion "1"]
[SourceVersionDate "2022.10.05"]
[SourceQuality "1"]

1. Nf3 Nf6 2. g3 g6 3. c4 Bg7 4. Bg2 0-0 5. d4 c6 6. 0-0 d5 7. b3 Nbd7 8. Nc3 Ne4 9. Bb2 Ndf6 10. e3 Nxc3 11. Bxc3 Ne4 12. Bb2 f6 13. Nd2 f5 14. f3 Nxd2 15. Qxd2 b6 16. e4 dxc4 17. bxc4 e5 18. d5 Ba6 19. Rfc1 c5 20. a4 Qd6 21. Qc3 f4 22. g4 h5 23. gxh5 gxh5 24. Kh1 Kh7 25. Rg1 Bf6 26. a5 Rab8 27. Bh3 Bc8 28. Bxc8 Rfxc8 29. Qc2 Rg8 30. Bc3 Qd7 31. axb6 axb6 32. Qf2 Qh3 33. Rxg8 Rxg8 34. Rg1 Ra8 35. Ra1 Rg8 36. Rg1 Ra8 37. Qe2 Ra3 38. Qd3 Bh4 39. Rc1 Ra2 40. Bd2 Bf2 41. Rd1 Be3 42. Qe2 Rxd2 43. Rxd2 Bxd2 44. d6 Be3 45. Qd1 Bd4 46. d7 Qxd7 47. Qf1 Be3 48. h4 Qd8 49. Qe1 Qd2 50. Qa1 Qc1+ 0-1

[Event "Wroclaw-ch op-B"]
[Site "Wroclaw"]
[Date "2016.08.21"]
[Round "8.4"]
[White "Marko, Piotr"]
[Black "Dytman, Radoslaw"]
[Result "1/2-1/2"]
[WhiteElo "1761"]
[BlackElo "1517"]
[PlyCount "93"]
[EventDate "2016.08.09"]
[EventType "swiss"]
[EventRounds "9"]
[EventCountry "POL"]
[SourceTitle "EXT 2023"]
[Source "ChessBase"]
[SourceDate "2022.10.05"]
[SourceVersion "1"]
[SourceVersionDate "2022.10.05"]
[SourceQuality "1"]

1. e4 e5 2. Nf3 Nc6 3. Bb5 a6 4. Ba4 Nf6 5. 0-0 b5 6. Bb3 Bc5 7. c3 d6 8. d4 Bb6 9. a4 Rb8 10. axb5 axb5 11. Qd3 0-0 12. Bg5 h6 13. Bxf6 Qxf6 14. Qxb5 Ne7 15. Qd3 Ng6 16. g3 Bb7 17. Nbd2 Rfe8 18. d5 Bc8 19. Kg2 Qe7 20. Nc4 f5 21. h4 Qf7 22. h5 Nf8 23. Rh1 Nd7 24. Ba4 Rf8 25. Bxd7 Bxd7 26. Nxb6 Rxb6 27. b4 Bb5 28. c4 fxe4 29. Qxe4 Bxc4 30. Nxe5 dxe5 31. Qxc4 Qf3+ 32. Kh2 Qxf2+ 33. Kh3 Qf5+ 34. Qg4 Qxg4+ 35. Kxg4 Rxb4+ 36. Kh3 Rf5 37. g4 Rf3+ 38. Kh4 Kf7 39. Ra7 g5+ 40. hxg6+ Kxg6 41. Rxc7 Rff4 42. Rc6+ Kg7 43. Rg1 Rbd4 44. Rd6 e4 45. Rc1 e3 46. Rc7+ Rf7 47. Rxf7+ 1/2-1/2

[Event "POL-chT U20"]
[Site "Suchedniow"]
[Date "2016.07.26"]
[Round "4.16"]
[White "Dytman, Radoslaw"]
[Black "Kosior, Jan1111"]
[Result "0-1"]
[WhiteElo "1479"]
[BlackElo "1524"]
[PlyCount "96"]
[EventDate "2016.07.23"]
[EventType "team-tourn"]
[EventRounds "9"]
[EventCountry "POL"]
[SourceTitle "EXT 2019"]
[Source "ChessBase"]
[SourceDate "2018.10.10"]
[SourceVersion "1"]
[SourceVersionDate "2018.10.10"]
[SourceQuality "1"]

1. e4 e5 2. Nf3 Nf6 3. Nxe5 d6 4. Nf3 Nxe4 5. d3 Nf6 6. Be2 Be7 7. 0-0 0-0 8. Nbd2 Nc6 9. Re1 d5 10. d4 Bf5 11. a3 Qd7 12. Nf1 Ne4 13. Ne3 Bg6 14. c3 Rad8 15. Qa4 a6 16. Nf1 Bf6 17. Be3 Nxd4 18. Qxd7 Nxe2+ 19. Rxe2 Rxd7 20. g4 h6 21. h4 Re8 22. Rae1 Rde7 23. g5 hxg5 24. hxg5 Nxg5 25. Nxg5 Bxg5 26. Rd2 c6 27. Red1 Bxe3 28. Nxe3 f5 29. Ng2 Bh5 30. Rf1 Bf3 31. Nh4 Bg4 32. f3 Bh3 33. Rff2 f4 34. Ng6 Rf7 35. Rh2 Rf6 36. Nxf4 Bg4 37. Nxd5 Rxf3 38. Nb6 Bh3 39. Rhe2 Ref8 40. a4 R8f6 41. a5 Rg6+ 42. Kh2 Bf1 43. Re8+ Kh7 44. Kh1 Rh3+ 45. Rh2 Bg2+ 46. Kg1 Bd5+ 47. Kf1 Rxh2 48. Rb8 Rgg2 0-1

[Event "POL-chT U19 2nd League"]
[Site "Iwonicz"]
[Date "2015.08.01"]
[Round "2.45"]
[White "Jaszczuk, Mateusz"]
[Black "Dytman, Radoslaw"]
[Result "0-1"]
[WhiteElo "1296"]
[BlackElo "1253"]
[PlyCount "66"]
[EventDate "2015.07.25"]
[EventType "team-swiss"]
[EventRounds "11"]
[EventCountry "POL"]
[SourceTitle "EXT 2019"]
[Source "ChessBase"]
[SourceDate "2018.10.10"]
[SourceVersion "1"]
[SourceVersionDate "2018.10.10"]
[SourceQuality "1"]
[WhiteTeam "Krosno KKSz Urania U19"]
[BlackTeam "Wroclaw MUKS MDK Fabryczna U19"]
[WhiteTeamCountry "POL"]
[BlackTeamCountry "POL"]

1. c4 c5 2. Nc3 Nc6 3. g3 d6 4. Bg2 e5 5. d3 f5 6. Nf3 Nf6 7. a3 Be7 8. Rb1 a5 9. Nd2 0-0 10. 0-0 f4 11. Nd5 Bg4 12. Nxf6+ Rxf6 13. Nf3 Qd7 14. b3 Bh3 15. Kh1 Bxg2+ 16. Kxg2 Rh6 17. Rh1 Qh3+ 18. Kg1 g5 19. Qf1 Qf5 20. h3 e4 21. dxe4 Qxe4 22. Bb2 Rf8 23. Qd1 Re6 24. Qd3 Qxe2 25. Qd5 fxg3 26. fxg3 Rxf3 27. Rh2 Rxg3+ 28. Kh1 Qe4+ 29. Qxe4 Rxe4 30. Ba1 Nd4 31. Bxd4 cxd4 32. b4 Rxa3 33. bxa5 Rxa5 0-1